000 01344cam a22002653a 4500
001 4294
003 PGUSA
005 20140828083051.0
008 030701s2003||||xxu|||||s|||||000 1 eng d
040 _aPGUSA
_beng
042 _adc
050 4 _aPS
100 1 _aHartmann, George,
_d1852-1934
245 1 0 _aTales of Aztlan; The Romance of a Hero of Our Late Spanish-American War, Incidents of Interest from the Life of a Western Pioneer and Other Tales
_h[electronic resource] /
_cGeorge Hartmann
260 _bProject Gutenberg,
_c2003
505 0 _aA frail bark tossed on life's tempestuous sea -- A perilous journey -- The mystery of a smoking ruin; Stalking a warrior; The ambush -- A strange land and stranger people -- On the Rio Grande; An abstract of the author's genealogy of maternal lineage -- Indian lore; The wily Navajo -- The fight in the sand hills; The phantom dog -- With the Navajo tribe -- In Arizona -- At the shrine of a "Sphinx of Aztlan"; An uncanny stone; The birth of Arizona; A royal fiasco; A maid of Yavapai.
506 _aPublic domain in the USA.
516 _aElectronic text
653 _aWestern stories
653 _aSpanish-American War, 1898 -- Fiction
653 _aShort stories, American
830 0 _aProject Gutenberg
_v4294
856 4 0 _uhttp://www.gutenberg.org/ebooks/4294
942 _cEB
999 _c233623
_d233623